Crime Shows by Picture - Statistics

General Stats
  • This quiz has been taken 268 times
  • The average score is 12 of 30
Answer Stats
Picture Answer % Correct
Breaking Bad
90%
Sherlock
80%
Dexter
78%
Peaky Blinders
78%
Better Call Saul
66%
Law & Order: Special Victims Unit
66%
CSI: Crime Scene Investigation
61%
The Sopranos
61%
NCIS
60%
Bones
51%
Miami Vice
46%
Monk
46%
Magnum P.I.
41%
The Blacklist
39%
Ozark
37%
Sons of Anarchy
36%
True Detective
31%
Reacher
30%
The Wire
30%
Boardwalk Empire
28%
Broadchurch
20%
Narcos
17%
Fargo
16%
Twin Peaks
15%
Happy Valley
14%
The Shield
14%
Midsomer Murders
13%
Bosch
10%
Top Boy
10%
Homicide: Life on the Street
8%
No matching quizzes found
Score Distribution
Percent of People with Each Score
Percentile by Number Answered
Your Score History
You have not taken this quiz